Joueur de foot français par championnat - Statistiques

Statistiques générales
  • Ce quiz a été pris 467 fois
  • Le résultat moyen est 6 sur 11
Statistiques - réponses
Pays Réponse % Correct
Italie Thuram / Adopo / Giroud / Laurienté / Soumaoro / Sambia / Pavard / Ikoné / Adli / Hugeux / Costil / Guendouzi / Lopez / Rabiot / Blin / Tchaouna / Guessand / N'Guessan / Pogba / Gendrey / Hernández / Henry / Thauvin / Karamoh / Agoumé / Kaba / Kalulu / Bondo / Camara / Tameze / Kamate / Oudin / Maignan / Defrel / Aké / Soppy / Lemina / Dorval / da Cunha / Dacourt / Ménez / Amian / Huard / Edjouma / Coulibaly / Leverbe / Gomes / Vinetot / Bonny / Tramoni / Diakité / Hainaut / Tramoni / Gnahoré / Cyprien / Antiste / Dembélé / Taugourdeau / Correia / Pitou / De Maio / Parrinello / Genevier / Ebongue / Bumbu / Baradji / Giron / Tabué / Gigliotti / Souarè / Ntenda / Abonckelet
98%
Espagne Coquelin / Koundé / Loiodice / Capoue / Lemar / Fekir / Griezmann / Mendy / Cho / Nianzou / Camavinga / Aberdin / Badé / Tchouaméni / Nteka / Soumaré / Zidane / Lejeune / Hassan / Badiashile / Kembo / Braat / Rahmani / Grenier / Lombardo / Zidane / Lecoeuche / Blasco / Mellot / Poussin / Doué / Bodiger / Varane / Lachuer / Djouahra / Lebarbier / El Ftouhi / Zidane / Reynet / Carrique / Koffi / Hilt / Giffard / Louis-Jean / Martínez / Biabiany / Dasquet / Aberdin / Awana / N'djoli / Taulemesse / Fékir / Bayo / Mendy / Lafarge / Jawed / Abreu / Keenoo / Jallot / Testa / Mbemba / Daligault / Bastie / Lucas / Wombel Banguili / Lansade / Polvorín / Soumarè / Meheni / Beauvallet / Collado Villalba / Boisseron / Lembezat / Gaffoor / Castagne / El Ftouhi / Ouroui / Nsukula / Aït Chellouche / Bloch / Poumot
96%
Angleterre Odobert / Nkunku / Édouard / Kamara / Massengo / Ugochukwu / Mateta / Saliba / Diaby / Maupay / Disasi / Ahamada / Sarr / Lenglet / Varane / Bellegarde / Fofana / Diop / Martial / Zouma / Badiashile / Lloris / Konaté / Areola / Gusto / Olise / Digne / Mara / Ayina / Ismaël / Meslier / Larkeche / Rutter / Bajić / Ba / Diaby / Ekwah / Gassama / Pembélé / Lo-Tutala / Aouchiche / de Gevigney / Crama / Kasimu / Dieng / Kokolo / Leroy-Belehouan / Diarra / Fage / Atangana / Marcimain / Zouma / Tahra / Diarra / Le Paih / Kipre / Lumbombo-Kalala / Anau / Monteiro / Mendy / Camara / Tchamako / Camara / Assidjo / Le Paih / Kipre / Lumbombo-Kalala / Anau / Monteiro / Digbeu / Kellum / Monga Ebwa / Kaïd / Bombelenga / Haringey Borough / Bianga / Ashton United / Mendy / Macclesfield / Camara / Cheshunt / Tchamako / Camara / Assidjo / Harrow Borough / Le Paih / Basingstoke Town / Kipre / Atherton Collieries / Lumbombo-Kalala / Lewes / Anau / Cray Valley PM / Monteiro / Walsall Wood / Digbeu / Leek Town / Kellum / East Thurrock United / Monga Ebwa / Kaïd / Maldon & Tiptree / Bombelenga / Uxbridge
96%
Allemagne Sildillia / Nsoki / Millot / Ajorque / Makengo / Tousart / Zagadou / Guilavogui / Pléa / Simakan / Rouault / Dina Ebimbe / Koné / Bitshiabu / Losilla / Nkounkou / Coman / Ngoumou / Lukeba / Lacroix / Cardona / Upamecano / Honorat / Cozza / Mbuku / Tel / Caci / Cuisance / Lasme / Gavory / Dompé / Hugonet / Mikelbrencis / Nsona / Vandermersch / Philippe / Makengo / Bouebari / Ben Balla / Sahin / Naïfi / Albenas / Toure / Mbuku / Carnier / Nsona / Cardona / Fambo / Kambala / Mikelbrencis / Pululu / Tavares / Mokwa / Cissé / Diakité / Kalambayi / Bibaku / Nana Tonzi / Gavory / Moustier / Roetynck / Ballo / Mbuyi-Muamba / François / Lesueur / Recht / M´Bela / Bouziane / Touré / Heiligenstein / Meridja / Bro / M'Passi / M'voto / Stelletta / N'Diaye / Mury / Venturini / Rubio / Mpoy
85%
Monaco Valme / Akliouche / Cartillier / Magassa / Ouattara / Efekele / Diop / Ben Yedder / Ben Seghir / Fofana / Matsima / Lienard
68%
Brésil Hembert / Payet
55%
Turquie Tait / Janvier / Aabid / Bernardoni / Mendy / Boudjemaa / Nzonzi / Rosier / Dubois / Şahan / Boey / Eysseric / Carole / Ndombélé / M'Bakata / Stambouli / Kwateng / Gomis / Michut / Djilali / Gakpa / Traoré / Ba / Dembélé / Diakité / Aydın / Yépié Yépié / N'Diaye / Dabo / N'Zuzi Mata / Muhammed / Şahin / Okutan / Doğanay / Fakılı / Eren / Yaldız / Horzum / Koçak / Soysal / Kalkan / Durak / Girgin / Uzun / Denizer
55%
Belgique Le Joncour / Flips / Alloh / Marcq / Mercier / Gboho / Sissako / Bocat / Da Silva / Torres / El Idrissy / Butez / Reine-Adélaïde / Semedo Varela / Miguel / Ilenikhena / Lemaréchal / Prévot / Nardi / Coulibaly / Etonde / Maziz / Dupé / Bitumazala / Patron / Rajsel / Mohamed / Perrey / Pierrot / Tshibuabua / D'Arpino / Nzouango / Lavie / Margueron / Goncalves / Trémoulet / Basila / Duplus / Tainmont / Proment / Chaabi / Dembélé / Koziello / Menard / Vandendriessche / Douane / Mercier / Soumah-Abbad / Dutoit / Massolin / Merlen / Boulenger / Kébé / Mercier / Kilota / Lioka / Chevalier / Raillot / Bentayeb / Sissoko / Penin / Vitris / Thioune / Robert / Mbeng / Perbet / Bariki / Kiankaulua / Bennour / Goteni / Corneillie / Hassaini / Patron / Errahmouni / Mézague / Dianessy / Banzuzi / Namri / Calant / Dia / Da Silva / Saidi / Dehlot / Tonnet / Cottet / El Hajjami / Pau / Faye / Felix / Diakhaté / Arpinon / Iscaye / Plumain / Arib / Maisonneuve / Kanda / Gillot / Droehnlé / Ebengue / Jacques / Fauré / Dadoune / Mokdad / Benoît / Mechmache / Ilunga / Karraoui / Nzila / Prso / Sow / Sacko / Maës / N'Guessan / Ella Ella / Salem / Dupire / Decis / Lema / Bochet / Kasri / Ntalu / Bangoura / Ouattara / Robise / Ba / Lefranc / Ahoua Boua / George / Turi / Luhaka / Delbergue / Mutsinzi / Coquelle / Lorenzo Carl / Vitela / Kone / Mezine / Ziani / Rigoni / Vroman / Cremers / Kumbi / Gallo / Félix / Bourbotte / Macé / Mangunza / Molinari / Houche / Makiese / Dannel / Henry / Wattier / Dupire / Quansah / El Araichi / Heddadji
42%
Portugal Touré / Tounkara / Youssouf / Guitane / Lacoux / Mangala / Dembélé / Koindredi / Oudrhiri / Sy / Lomboto / Essende / Sasso / Correia / Gorby / Dioh / Elimbi Gilbert / Ott / Labila / Ibrahima / Lacroix / Françoise / Sangaré / Rouai / Bahamboula / Mutombo / Parada / Gomes / Degbo / Kamara / Diliberto
19%
Pays-Bas Isimat-Mirin / Cathline / Boutrah / Boscagli / Mbe Soh / Maulun / Sagnan / Kitala / Zagré / Weidmann / Rosier / Pereira / Barbet / Tibidi / Robinet / Sellouki / Emeran / Bernadou / Noc / Camara
15%
Etats-Unis Cayet / Jean / Nancy / Souquet / Malanda / Camacho / Walter / Noël / Luccin / Marie / Jacquesson / Cabral / Cissoko / Cabral / Muyumba / Valot / Garcia / Lapert / Hoppenot / Fauroux / Leerman / Camier / Obertan / Djédjé / Cox-Ashwood / Likulia / Mbouombouo / Clement / Sauvry / Tmimi / Jacquesson / Cayet / Cissoko / Courtois / Le Guennec / Noël / Traore / Amiche / Cabral / Cabral / Da Costa / Caliari / Coste / Imbert / Leray / Bourrier / Braem / Tonzi / Brador / Camier / Ayolmbong / Campos / Brulay / Fricker / Constant / Herpreck / Barberio / Mostajo
10%
Aucun quiz correspondant
Distribution des résultats
% des personnes avec chaque résultat
Percentile par nombre de réponses
Votre historique - résultats
Vous n’avez pas pris ce quiz